000 01346nam a2200253 i 4500
001 20795
003 ES-MaACL
007 t|
008 021118m19571968sp ||||1| spa d
100 1 _aAjo González y Sainz de Zuñiga, Cándido María.
_919028
245 1 0 _aHistoria de las Universidades hispánicas
_b: orígenes y desarrollo desde su aparición hasta nuestros días /
_cC. Mª Ago G. y Sainz de Zúñiga.
260 _aAvila :
_bInstitución Alonso de Madrigal,
_c1957-1968.
300 _a7 v. ;
_c25 cm.
505 8 _aContiene: V. I: Medievo y renacimiento universitario. -- V. II: El Siglo de Oro universitario. -- V. III: El periodo de los pequeños Austrias. -- V. IV: Cartulario de reales cédulas y bulas pontificias. -- T. V: Periodo universitario de los primeros Borbones. -- V. VI: Manuscritos y fuentes inéditas. -- V. VII: Más fuentes y manuscritos
710 2 _aInstitución Alonso de Madrigal.
_94709
740 0 _aMedievo y renacimiento universitario.
740 3 _aEl Siglo de Oro universitario.
740 3 _aEl periodo de los pequeños Austrias.
740 0 _aCartulario de reales cédulas y bulas pontificias.
740 0 _aPeriodo universitario de los primeros Borbones.
740 0 _aManuscritos y fuentes inéditas.
740 0 _aMás fuentes y manuscritos.
852 _aES-MaACL
_jE-7208-7214
_bR.43334
999 _c20795
_d20795